FIM SPEEDWAY WORLD CHAMPIONSHIP RIDERS 2019 - Statistics

General Stats
  • This quiz has been taken 147 times
  • The average score is 22 of 30
Answer Stats
Answer % Correct
BARTOSZ ZMARZLIK
96%
JASON DOYLE
94%
MACIEJ JANOWSKI
94%
TAI WOFFINDEN
94%
FREDRIK LINDGREN
92%
ARTEM LAGUTA
86%
PATRYK DUDEK
86%
LEON MADSEN
85%
MARTIN VACULIK
79%
MATEJ ZAGAR
79%
ROBERT LAMBERT
78%
POLAND
77%
GREAT BRITAIN
76%
AUSTRALIA
75%
DENMARK
74%
RUSSIA
73%
SWEDEN
72%
MAX FRICKE
71%
GREG HANCOCK
70%
JANUSZ KOŁODZIEJ
70%
SLOVENIA
64%
SLOVAKIA
63%
ANTONIO LINDBACK
61%
NIELS-KRISTIAN IVERSEN
59%
USA
54%
EMIL SAYFUTDINOV
51%
BARTOSZ SMEKTAŁA
50%
MIKKEL MICHELSEN
48%
CZECH REPUBLIC
40%
VACLAV MILIK
39%
No matching quizzes found
Score Distribution
Percent of People with Each Score
Percentile by Number Answered
Your Score History
You have not taken this quiz